000 00586nam a2200193Ia 4500
008 191130s2007##################000#0#eng##
020 _a9788174365866
040 _aACL
_cACL
082 _a333.3309 NAM
100 _aNamburu, Manoj
245 _aMoguls of real estate
_cManoj Namburu
260 _aNew Delhi
_bRoli Books
_c2007
300 _axviii, 270 p., [16] p. of plates : ill. ; 23 cm
650 _aReal estate business -- India
650 _aReal estate developers -- India -- Biography
990 _a8ace48f7ac10000c5fb8372b8aea6a19
991 _a199968
999 _c13433
_d13433